Introducción a Plotino /

Detalles Bibliográficos
Autor principal: Isnardi Parente, Margherita (Autor)
Otros Autores: Buganza, Jacob, 1982- (Traductor, contributor agent of text,)
Formato: Electrónico eBook
Lenguaje:español
italiano
Publicado: Bogotá, Colombia : Editorial Aula de Humanidades, 2025.
Edición:Primera edición.
Colección:Colección Filosofía (Editorial Aula de Humanidades). Serie Filosofía clásica.
Materias:
Acceso en línea:Digitalia Hispánica

MARC

LEADER 00000nam a2200000Ii 4500
001 DIGAUHUM0076
003 NyNyDIG
006 m o d
007 cr |||||||||||
008 260205s2025 ck ob 001 0 spa d
035 |a (OCoLC)1573182471 
040 |a DGITA  |b eng  |e rda  |e pn  |c DGITA 
020 |a 9786287777194  |q (versión digital) 
020 |z 9786287777187  |q (versión impresa) 
041 1 |a spa  |h ita 
050 1 4 |a B693.Z7 ebook 
100 1 |a Isnardi Parente, Margherita,  |e author. 
240 1 0 |a Introduzione a Plotino.  |l Spanish  |s (Buganza) 
245 1 0 |a Introducción a Plotino /  |c Margherita Isnardi Parente ; introducción y traducción de Jacob Buganza. 
250 |a Primera edición. 
264 1 |a Bogotá, Colombia :  |b Editorial Aula de Humanidades,  |c 2025. 
300 |a 1 online resource. 
336 |a text  |b txt  |2 rdacontent 
337 |a computer  |b c  |2 rdamedia 
338 |a online resource  |b cr  |2 rdacarrier 
347 |a text file  |2 rdaft 
347 |b PDF 
490 1 |a Colección: Filosofía. Serie: Filosofía clásica 
504 |a Includes bibliographical references and indexes. 
588 0 |a Online resource; title from PDF title page (Digitalia, viewed February 5, 2026) 
600 0 0 |a Plotinus. 
700 1 |a Buganza, Jacob,  |d 1982-  |e contributor agent of text,  |e translator. 
700 1 |i Translation of:  |a Isnardi Parente, Margherita.  |t Introduzione A Plotino. 
791 2 |a Digitalia (Firm),  |e distributor. 
793 0 |g Digitalia eBook Collection:  |a Editorial Aula de Humanidades 
776 0 8 |i Print version:  |a Isnardi Parente, Margherita.  |s Introduzione a Plotino. Spanish (Buganza).  |t Introducción a Plotino.  |b Primera edición.  |d Bogotá, Colombia : Editorial Aula de Humanidades, 2025  |z 9786287777187 
830 0 |a Colección Filosofía (Editorial Aula de Humanidades).  |p Serie Filosofía clásica. 
856 4 0 |3 Digitalia Hispánica  |u https://www.digitaliapublishing.com/a/180436/ 
910 |a Premium collection: 2026